[Event "Budapest FS12 GM"]
[Site "Budapest"]
[Date "1995.??.??"]
[Round "7"]
[White "Acs, Peter"]
[Black "Varga, Zoltan"]
[Result "1-0"]
[WhiteElo "2370"]
[BlackElo "2535"]
[PlyCount "81"]
[EventDate "1995.12.??"]
[Source "ChessBase"]

1. e4 Nf6 2. e5 Nd5 3. d4 d6 4. Nf3 Bg4 5. Be2 c6 6. O-O Bxf3 7. Bxf3 dxe5 8. dxe5 e6 9. Qe2 Nd7 10. c4 Ne7 11. b3 Qc7 12. Bb2 g5 13. Nd2 Bg7 14. Ne4 Nxe5 15. Nxg5 h6 16. Rae1 N7g6 17. Nxf7 Nxf3+ 18. Qxf3 O-O 19. Nxh6+ Kh7 20. Qe2 Bxh6 21. Qxe6 Rf7 22. g3 Rd8 23. Rd1 Rg8 24. Kh1 Qe7 25. Qxe7 Rxe7 26. Rfe1 Rge8 27. Rxe7+ Rxe7 28. Kg2 Re2 29. Rd7+ Kg8 30. Bc3 Rc2 31. Rd3 Rxa2 32. Rd6 Kf7 33. Rf6+ Kg7 34. Rxc6+ Kh7 35. Rc7+ Kg8 36. Rxb7 Bf8 37. Bd4 a5 38. c5 Rd2 39. Be3 Rc2 40. Ra7 Bxc5 41. Rc7 1-0

[Event "Capablanca mem Premier II"]
[Site "Havana"]
[Date "2004.05.14"]
[Round "9"]
[White "Zugic, Igor"]
[Black "Almeida, Omar"]
[Result "1-0"]
[WhiteElo "2478"]
[BlackElo "2426"]
[PlyCount "97"]
[EventDate "2004.05.06"]
[Source "Roberto Alvarez"]
[SourceDate "2004.05.24"]

1. e4 Nf6 2. e5 Nd5 3. d4 d6 4. Nf3 Bg4 5. Be2 c6 6. c4 Nb6 7. Nbd2 N8d7 8. Ng5 Bf5 9. g4 Bg6 10. e6 fxe6 11. Nxe6 Qc8 12. f4 Bf7 13. f5 g6 14. Ng5 Bg7 15. Nxf7 Kxf7 16. Ne4 Ke8 17. O-O c5 18. d5 Be5 19. g5 Kd8 20. f6 Kc7 21. Bg4 Qd8 22. Qe2 Rf8 23. Kg2 h6 24. f7 h5 25. Be6 Rh8 26. h4 Qf8 27. Nd2 Qg7 28. Nf3 Rhf8 29. Rb1 a5 30. b3 Ra6 31. Nxe5 Qxe5 32. Qxe5 Nxe5 33. a4 Nbd7 34. Bb2 Raa8 35. Bc3 b6 36. Rbe1 Nd3 37. Re3 N7e5 38. Kg3 Rad8 39. Rd1 Nb4 40. Rxe5 dxe5 41. Bxe5+ Kb7 42. Rd2 Na6 43. Bg7 Nc7 44. Bxf8 Rxf8 45. Bf5 gxf5 46. g6 f4+ 47. Kf3 Ne8 48. fxe8=Q Rxe8 49. Kxf4 1-0

[Event "Salamanca"]
[Site "?"]
[Date "1987.??.??"]
[Round "?"]
[White "Sisniega, M."]
[Black "Fernandez Garcia, J."]
[Result "1-0"]
[WhiteElo "2455"]
[BlackElo "2445"]
[PlyCount "59"]
[EventDate "1987.??.??"]
[Source "ChessBase"]
[SourceDate "1987.07.01"]

1. e4 Nf6 2. e5 Nd5 3. d4 d6 4. Nf3 Bg4 5. Be2 c6 6. Ng5 Bf5 7. e6 fxe6 8. Bh5+ g6 9. g4 Nf6 10. gxf5 Nxh5 11. fxg6 hxg6 12. Nxe6 Qa5+ 13. Nc3 Na6 14. d5 Nf6 15. Qd3 Rg8 16. dxc6 Nb4 17. Qe2 bxc6 18. a3 Nbd5 19. Bd2 Kd7 20. O-O-O Nxc3 21. Bxc3 Bh6+ 22. Kb1 Qb5 23. Rd3 Nd5 24. Bd4 Nf4 25. Nxf4 Bxf4 26. Re1 Rae8 27. a4 Qa5 28. Rb3 Kc7 29. Bc3 Qxa4 30. Rb4 1-0

[Event "Pamporovo"]
[Site "Pamporovo"]
[Date "1982.??.??"]
[Round "7"]
[White "Martinovic, Slobodan"]
[Black "Tatai, Stefano"]
[Result "1-0"]
[WhiteElo "2460"]
[BlackElo "2440"]
[PlyCount "73"]
[EventDate "1982.03.??"]
[Source "ChessBase"]

1. e4 Nf6 2. e5 Nd5 3. d4 d6 4. Nf3 Bg4 5. Be2 c6 6. Ng5 Bf5 7. Bd3 Bxd3 8. Qxd3 dxe5 9. dxe5 h6 10. Nf3 e6 11. O-O Nd7 12. Re1 Qc7 13. Qe4 Be7 14. a3 b5 15. Nbd2 c5 16. a4 b4 17. a5 Rd8 18. Nc4 Nb8 19. h4 g6 20. Bd2 Nc6 21. Qg4 Kf8 22. c3 Rd7 23. a6 Qd8 24. g3 Kg7 25. h5 g5 26. Qe4 Qc7 27. cxb4 Ncxb4 28. Rec1 Nc6 29. Bc3 Nxc3 30. bxc3 Rb8 31. Nh2 Rb5 32. Ng4 Na5 33. Nd6 Rb8 34. Nxf7 Kxf7 35. Qg6+ Kf8 36. Nxh6 Bd6 37. exd6 1-0

[Event "Najdorf"]
[Site "Buenos Aires Najdorf"]
[Date "1992.??.??"]
[Round "8"]
[White "Brunner, Lucas"]
[Black "Szmetan, Jorge"]
[Result "1-0"]
[WhiteElo "2500"]
[BlackElo "2400"]
[PlyCount "67"]
[EventDate "1992.??.??"]
[Source "www.chesslib.no"]
[SourceDate "2004.05.04"]

1. e4 Nf6 2. e5 Nd5 3. d4 d6 4. Nf3 Bg4 5. Be2 c6 6. c4 Nb6 7. Ng5 Bxe2 8. Qxe2 dxe5 9. dxe5 e6 10. O-O Be7 11. Nf3 N8d7 12. Nc3 Qc7 13. b3 a5 14. Bb2 Nc5 15. Rad1 O-O 16. h4 Rfd8 17. g3 h6 18. Kg2 Rxd1 19. Rxd1 Rd8 20. Rxd8+ Qxd8 21. Ba3 a4 22. Bxc5 Bf6 23. Nxa4 Nxa4 24. bxa4 Qd2 25. Be3 Be7 26. g4 Qc2 27. Bxh6 Qd3 28. g5 Qd1 29. h5 Qd4 30. Bxg7 Qd7 31. Nd2 Qc8 32. Qf3 Kh7 33. Qf6 Bd8 34. Qxd8 1-0

[Event "Buenos Aires"]
[Site "Buenos Aires ARG"]
[Date "1992.??.??"]
[Round "?"]
[White "Brunner, Lucas"]
[Black "Szmetan, Jorge"]
[Result "1-0"]
[WhiteElo "2500"]
[BlackElo "2400"]
[PlyCount "217"]
[EventDate "1992.04.??"]
[Source "www.chesslib.no"]
[SourceDate "2004.05.04"]

1. e4 Nf6 2. e5 Nd5 3. d4 d6 4. Nf3 Bg4 5. Be2 c6 6. c4 Nb6 7. Ng5 Bxe2 8. Qxe2 dxe5 9. dxe5 e6 10. O-O Be7 11. Nf3 N8d7 12. Nc3 Qc7 13. b3 a5 14. Bb2 Nc5 15. Rad1 O-O 16. h4 Rfd8 17. g3 h6 18. Kg2 Rxd1 19. Rxd1 Rd8 20. Rxd8+ Qxd8 21. Ba3 a4 22. Bxc5 Bxc5 23. Nxa4 Nxa4 24. bxa4 Qa5 25. Qc2 Ba7 26. h5 Qc5 27. Qe2 Qb4 28. g4 Qxa4 29. g5 b5 30. gxh6 gxh6 31. Nd2 Qxa2 32. Qg4+ Kf8 33. Qf4 bxc4 34. Qxh6+ Ke7 35. Qg5+ Kd7 36. h6 c3 37. Ne4 Qd5 38. f3 Qd1 39. h7 Qg1+ 40. Kh3 Qh1+ 41. Kg4 Qg2+ 42. Ng3 Bf2 43. Qf4 f5+ 44. Kg5 Be3 45. Qxe3 Qxg3+ 46. Kh6 Qh4+ 47. Kg6 c2 48. Qc5 Kc7 49. Qxc2 Qg3+ 50. Kf7 Qh4 51. Qc5 Qxh7+ 52. Kxe6 Qg6+ 53. Ke7 Qg7+ 54. Ke8 Qg8+ 55. Qf8 Qe6+ 56. Qe7+ Qxe7+ 57. Kxe7 c5 58. e6 c4 59. Kf7 c3 60. e7 c2 61. e8=Q c1=Q 62. Qe5+ Kb7 63. Qd5+ Ka7 64. Qxf5 Qc7+ 65. Ke8 Qb8+ 66. Ke7 Qb4+ 67. Kf7 Qb7+ 68. Kg6 Qb6+ 69. Qf6 Qf2 70. f4 Qg2+ 71. Kh7 Qh1+ 72. Kg8 Qa8+ 73. Qf8 Qf3 74. f5 Ka6 75. Qh6+ Ka5 76. f6 Qg4+ 77. Kh7 Qd7+ 78. Kg6 Qd3+ 79. Kg7 Qg3+ 80. Qg6 Qe5 81. Qg4 Qc3 82. Kg6 Qc6 83. Qf4 Ka6 84. Qe5 Qg2+ 85. Kh7 Qh3+ 86. Kg7 Qg4+ 87. Kf8 Qb4+ 88. Ke8 Qa4+ 89. Kd8 Qh4 90. Qe7 Qd4+ 91. Ke8 Qa4+ 92. Kf8 Qd4 93. Qe6+ Kb7 94. f7 Qd8+ 95. Kg7 Qd4+ 96. Qf6 Qg4+ 97. Qg6 Qd4+ 98. Kg8 Qc4 99. Qg2+ Ka7 100. Qf3 Qa2 101. Qe4 Qb3 102. Qd4+ Kb7 103. Qe5 Qc4 104. Kg7 Qg4+ 105. Kf6 Qh4+ 106. Ke6 Qh3+ 107. Kd6 Qh6+ 108. Kd7 Qh7 109. Qe7 1-0

[Event "Wuppertal"]
[Site "Wuppertal"]
[Date "1986.??.??"]
[Round "?"]
[White "Lau, Ralf"]
[Black "Knezevic, Milorad"]
[Result "1/2-1/2"]
[WhiteElo "2455"]
[BlackElo "2445"]
[PlyCount "21"]
[EventDate "1986.10.??"]
[Source "ChessBase"]

1. e4 Nf6 2. e5 Nd5 3. d4 d6 4. Nf3 Bg4 5. Be2 c6 6. c4 Nb6 7. Nbd2 dxe5 8. Nxe5 Bf5 9. Nef3 e6 10. O-O Be7 11. Re1 1/2-1/2